| 000 | 01238cam a2200313 a 4500 | ||
|---|---|---|---|
| 999 |
_c234648 _d234648 |
||
| 001 | 15344594 | ||
| 003 | Nust | ||
| 005 | 20170329102210.0 | ||
| 008 | 080626r20082007nyu 000 1 eng | ||
| 010 | _a 2008274352 | ||
| 020 | _a9780349117737 (pbk.) | ||
| 040 |
_aDLC _cDLC _dDLC |
||
| 043 | _af-bs--- | ||
| 050 | 0 | 0 |
_aPR6063.C326 _bG66 2008 |
| 082 | 0 | 0 |
_a823.914 _bSMI |
| 100 | 1 |
_aMcCall Smith, Alexander, _d1948- |
|
| 245 | 1 | 4 |
_aThe good husband of Zebra Drive / _cAlexander McCall Smith. |
| 250 | _a1st Anchor Books ed. | ||
| 260 |
_aNew York : _bAnchor Books, _c2008. |
||
| 300 |
_a213 p. ; _c21 cm. |
||
| 490 | 1 | _aNo. 1 Ladies' Detective Agency series | |
| 600 | 1 | 0 |
_aRamotswe, Precious _c(Fictitious character) _vFiction. |
| 650 | 0 |
_aNo. 1 Ladies' Detective Agency (Imaginary organization) _vFiction. |
|
| 650 | 0 |
_aWomen private investigators _zBotswana _vFiction. |
|
| 651 | 0 |
_aBotswana _vFiction. |
|
| 655 | 7 |
_aMystery fiction. _2gsafd |
|
| 800 | 1 |
_aMcCall Smith, Alexander, _d1948- _tNo. 1 Ladies Detective Agency series. |
|
| 906 |
_a7 _bcbc _corigcop _d2 _encip _f20 _gy-gencatlg |
||
| 942 |
_2ddc _cBK |
||